• 首页
  • 本馆介绍
  • 公告通知
  • 最新文献
  • 馆藏检索
  • 电子资源
  • 读者荐购
  • 参考咨询
  • CALIS
  • 我的图书馆
  • 登录
  • 详细信息显示
  • 放入我的书架
  • 预约/预借图书
  • 作者相关作品
  • 分类相关作品
  • 丛书相关作品
  • 出版社相关作品

书目信息

  • 表格格式
  • 工作单格式
  • 卡片格式
题名:
全国勘察设计注册公用设备工程师(给水排水)执业资格考试辅导教材及典型题解(含真题)
    
 
作者: 魏文彪 主编 ;执业资格考试命题研究中心 编
分册: 上册   基础考试
出版信息: 南京   江苏科学技术出版社  2014
页数: 2册(1056页)
开本: 26cm
丛书名:
单 册:
中图分类: TU991
科图分类:
主题词: 给排水系统 , 给排水系统--资格考试--自学参考资料
电子资源:
ISBN: 978-7-5537-2185-9
 
 
 
 
 
000 01531nam0 2200277 450
001 140790
005 20140929141037.04
010    @a978-7-5537-2185-9@dCNY 74.50
100    @a20140610d2014 em y0chiy50 ea
101 0  @achi
102    @aCN@b320000
105    @aa zq 000yy
200 1  @a全国勘察设计注册公用设备工程师(给水排水)执业资格考试辅导教材及典型题解(含真题)@Aquan guo kan cha she ji zhu ce gong yong she bei gong cheng shi(ji shui pai shui)zhi ye zi ge kao shi fu dao jiao cai ji dian xing ti jie(han zhen ti)@h上册@i基础考试@b专著@f执业资格考试命题研究中心编
210    @a南京@c江苏科学技术出版社@d2014
215    @a2册(1056页)@c图@d26cm
300    @a含公共基础、专业基础 根据最新考试大纲编写
314    @a魏文彪主编
330    @a本书共分十六章,主要包括:数学、物理学、化学、理论力学、材料力学、流体力学、电气与信息、法律法规、工程经济、水文学和水文地质、水处理微生物学、水力学、水泵及水泵站、水分析化学、工程测量、职业法规。
512 1  @a2014全国勘察设计注册公用设备工程师(给水排水)执业资格考试辅导教材及典型题解(含真题)@i基础考试@A2014 quan guo kan cha she ji zhu ce gong yong she bei gong cheng shi(ji shui pai shui)zhi ye zi ge kao shi fu dao jiao cai ji dian xing ti jie(han zhen ti)
606 0  @a给排水系统
606 0  @a给排水系统@x资格考试@x自学参考资料
690    @aTU991@v5
701  0 @a魏文彪@Awei wen biao@c(建筑)@4主编
712 02 @a执业资格考试命题研究中心@Azhi ye zi ge kao shi ming ti yan jiu zhong xin@4编
801  0 @aCN@bZL@c20140929
905    @a241430@dTU991@eZ4731:1
    
    全国勘察设计注册公用设备工程师(给水排水)执业资格考试辅导教材及典型题解(含真题).上册.基础考试/执业资格考试命题研究中心编.-南京:江苏科学技术出版社,2014
    2册(1056页):图;26cm
    含公共基础、专业基础 根据最新考试大纲编写
    
    ISBN 978-7-5537-2185-9:CNY 74.50
    本书共分十六章,主要包括:数学、物理学、化学、理论力学、材料力学、流体力学、电气与信息、法律法规、工程经济、水文学和水文地质、水处理微生物学、水力学、水泵及水泵站、水分析化学、工程测量、职业法规。
●
相关链接 在E读中查询图书 在当当中查询图书 在豆瓣中查询图书


正题名:全国勘察设计注册公用设备工程师(给水排水)     索取号:TU991/Z4731:1         预约/预借

序号 登录号 条形码 馆藏地/架位号 状态 备注
1 0836272   208362724   自科二线404/404自科库 23排1列4层/ [索取号:TU991/Z4731:1] 在馆    
2 0836273   208362733   市政与环境工程学院资料室/101建筑库 94排3列1层/ [索取号:TU991/Z4731:1] 在馆    
3 0836274   208362742   市政与环境工程学院资料室/ [索取号:TU991/Z4731:1] 在馆    
4 0836275   208362751   自科二线404/404自科库 20排5列3层/ [索取号:TU991/Z4731:1] 在馆    
5 0836276   208362760   市政与环境工程学院资料室/ [索取号:TU991/Z4731:1] 在馆    
6 0836277   208362779   自科二线404/404自科库 21排1列3层/ [索取号:TU991/Z4731:1] 在馆    
河南城建学院图书馆 欢迎您!
大连网信软件有限公司© 版权所有